Deutsche Rapper nach Alben - Statistiken

Allgemein
  • Dieses Quiz wurde 66 mal gespielt
  • Das Durchschnittsergebnis liegt bei 5 aus 26
Antwortstatistiken
Bildquiz Antwort % Korrekt
Sido
98%
SSIO
63%
OG Keemo
48%
Kool Savas
39%
K.I.Z.
35%
257er
33%
alligatoah
30%
Nura
22%
Paula Hartmann
19%
Antifuchs
13%
Karate Andi
11%
Antilopengang
9%
Disarstar
9%
Tom Hengst
7%
Die Orsons
6%
Jaill
6%
Haze
4%
Megaloh
4%
Shacke One
4%
Edgar Wasser
2%
Ebow
0%
Haszcara
0%
Lakmann One
0%
Prezidenz
0%
Rokko Weissensee
0%
Teuterecordz
0%
Keine übereinstimmenden Quizze gefunden
Verteilung der Resultate
Anzahl Personen mit jedem Resultat
Perzentil nach korrekt beantworteten Fragen
Ihre Resultats-Entwicklung
Sie haben dieses Quiz noch nicht gespielt